00786nam a2200217 a 450000100100000000500170001000800410002704000250006808200120009310000400010524500770014526000410022230000350026360000420029865000210034065000330036191000370039404900090043195201110044099900170055100002869220200930055059.0110411s1967 dr ac 000 0bspa d aDO-SdBNPbspacBNPHU aF-RD 941 aSaladín Vélez, Manuel E.95567110aVida y obra del fundador de la Cruz Roja /cManuel E. Saladín Vélez. aSanto Domingo :bArte y Cine,c1967. a61 p. :bil., retrs. ;c23 cm.14aDUNANT, JEAN-HENRY,d1828-1910955672 4aCruz roja955673 4aMedicina en desastres955674 aValidado. Control de calidad EMS aBNPD 001050718RVaPDbPDcHDd2011-04-11iLF1l0oF-RD 94p28692-10r2020-06-25w2020-06-25y1ZNo se presta c28184d28184